000 01094nam1a22002771i 4500
001 rc\4852967
005 20260407023551.0
021 _aRU
_b[58-3961]
021 _aRU
_b[58-3963]
021 _aRU
_b[58-3959]
035 _a(NLR Aleph) 008900286
090 _a8698521
_c8698521
100 _a20130426d1957 |||y0rusy50 ca
101 0 _arus
102 _aRU
105 _a z |||||
200 1 _aТиповые проекты сооружений на осушительных системах
_eУтв. 26/IV 1956 г.
_e[Ч. 1-3]
_fМ-во водного хозяйства РСФСР. Росгипроводхоз
_iСопрягающие сооружения из дерева
210 _aМосква
_cБ. и.
_d1957
215 _a3 т.
_d30х42
300 _aЛитогр. изд.
606 _aОсушительные системы
_jПроекты и чертежи
_2psbo
712 0 2 _a"Росгипроводхоз", институт
_cМосква
_3RU\NLR\AUTH\8810008990
_9515710
801 0 _aRU
_bNLR
_gpsbo
801 1 _aRU
_bELAR
_2rusmarc
852 _aNLR
_j58-10/38
942 _cBOOK